000 00309nam a2200133Ia 4500
005 20251222142022.0
008 251222s9999||||xx |||||||||||||| ||spa||
082 _a920/M26
100 _aMarx, Karl
245 0 _aEl Dieciocho Brumario de Luis Bonaparte
250 _a2a.ed.
264 _bAriel
942 _cLIB
999 _c10695
_d10695